000 00466nam a22001817a 4500
005 20251108172700.0
008 250721s2003 xx 000 0 ara d
082 1 4 _a216.25/نبه
100 1 _aنبهان، محمد
_eمؤلف
245 1 0 _aالمرشد في الحج والعمرة /
264 1 _aعمان :
_c2003.
300 _a62ص.
650 1 7 _aالحج
650 1 7 _aالعمرة
650 1 7 _aالعبادات
942 _2ddc
_cBK
999 _c85827
_d85827